Statistics for Five Biggest Countries by Letter A-Z

Click here to take the quiz!

General Stats

  • This quiz has been taken 2,206 times
  • The average score is 66 of 98

Answer Stats

LetterCountry% Correct
AAustralia
93%
BBrazil
92%
CCanada
92%
CChina
91%
IIndia
90%
RRussia
90%
AArgentina
89%
UUnited States
89%
FFrance
88%
JJapan
87%
OOman
86%
IIndonesia
85%
UUnited Kingdom
85%
AAlgeria
84%
GGermany
84%
KKazakhstan
84%
YYemen
84%
FFinland
82%
ZZambia
82%
ZZimbabwe
82%
QQatar
81%
DDenmark
80%
DDR Congo
80%
IIran
80%
MMexico
79%
IIraq
78%
VVenezuela
78%
PPeru
76%
EEthiopia
75%
NNiger
75%
EEgypt
74%
JJordan
74%
TTurkey
74%
VVietnam
74%
BBolivia
73%
HHonduras
73%
PPakistan
73%
AAngola
72%
HHaiti
72%
HHungary
72%
JJamaica
72%
LLibya
72%
NNigeria
72%
AAfghanistan
71%
MMongolia
71%
UUkraine
71%
CChile
70%
KKenya
70%
RRep. of Congo
70%
CColombia
68%
IItaly
68%
NNorway
68%
SSudan
68%
UUzbekistan
68%
CChad
67%
PPoland
67%
SSouth Africa
67%
MMali
66%
FFiji
64%
KKyrgyzstan
64%
TTurkmenistan
64%
LLaos
62%
SSaudi Arabia
62%
VVatican City
62%
NNamibia
61%
RRomania
61%
EEcuador
60%
NNew Zealand
59%
TTanzania
59%
TThailand
59%
VVanuatu
59%
BBotswana
58%
SSouth Sudan
58%
UUganda
58%
EEritrea
57%
EEstonia
57%
MMauritania
57%
PParaguay
57%
LLithuania
56%
GGhana
55%
LLatvia
54%
DDjibouti
53%
SSomalia
53%
RRwanda
52%
GGabon
51%
GGuinea
50%
LLiberia
50%
DDominica
49%
MMozambique
48%
GGuyana
45%
KKosovo
45%
BBurma
44%
KKuwait
44%
PPapua New Guinea
44%
DDominican Republic
43%
FFS of Micronesia
39%
TTunisia
36%
BBurkina Faso
34%

Score Distribution

Percentile by Number Answered

Percent of People with Each Score

Your Score History

You have not taken this quiz